[Event "COL-chT (Women)"]
[Site "Risaralda"]
[Date "2023.11.23"]
[Round "7.3"]
[White "Cupaban Alonso, Luciana"]
[Black "Vergara Canchila, Dalila Maria"]
[Result "1-0"]
[WhiteElo "1241"]
[BlackElo "1420"]
[PlyCount "31"]
[EventDate "2023.11.19"]
[EventType "team-swiss"]
[EventRounds "7"]
[EventCountry "COL"]
[SourceTitle "CB49_2023"]
[SourceDate "2023.12.06"]
[SourceVersion "1"]
[SourceVersionDate "2023.12.06"]
[SourceQuality "1"]
[WhiteTeam "Santander (W)"]
[BlackTeam "Sucre (W)"]
[WhiteTeamCountry "COL"]
[BlackTeamCountry "COL"]

1. e4 e5 2. Nc3 Nc6 3. Bc4 Bc5 4. Qg4 Qf6 5. Nd5 Qxf2+ 6. Kd1 Rb8 7. Nh3 Qd4 8. d3 Bd6 9. c3 Qc5 10. b4 Nxb4 11. Nxb4 Qa5 12. Qxg7 Ne7 13. Qxh8+ Ng8 14. Qxg8+ Bf8 15. Qxf7+ Kd8 16. Qxf8# 1-0

[Event "COL-chT (Women)"]
[Site "Risaralda"]
[Date "2023.11.21"]
[Round "4.3"]
[White "Cabrales Almanza, Isabela Jireth"]
[Black "Vergara Canchila, Dalila Maria"]
[Result "1-0"]
[WhiteElo "1294"]
[BlackElo "1420"]
[PlyCount "57"]
[EventDate "2023.11.19"]
[EventType "team-swiss"]
[EventRounds "7"]
[EventCountry "COL"]
[SourceTitle "CB49_2023"]
[SourceDate "2023.12.06"]
[SourceVersion "1"]
[SourceVersionDate "2023.12.06"]
[SourceQuality "1"]
[WhiteTeam "Cordoba (W)"]
[BlackTeam "Sucre (W)"]
[WhiteTeamCountry "COL"]
[BlackTeamCountry "COL"]

1. e4 e5 2. Nf3 Nc6 3. Bc4 Nf6 4. d3 Bc5 5. 0-0 d6 6. Bg5 Bg4 7. c3 Qd7 8. a4 a5 9. Bb5 0-0-0 10. Nbd2 Rde8 11. Nc4 b6 12. b4 axb4 13. cxb4 Bxb4 14. a5 Kb7 15. a6+ Ka7 16. Ncd2 Bxd2 17. Bxd2 d5 18. Rc1 Re6 19. Qc2 dxe4 20. Bxc6 Rxc6 21. Qxc6 Qxc6 22. Rxc6 exf3 23. Rxc7+ Kxa6 24. Rxf7 fxg2 25. Kxg2 Nh5 26. Be3 Rd8 27. Rb1 Rxd3 28. Rxb6+ Ka5 29. Ra7# 1-0

[Event "COL-chT (Women)"]
[Site "Risaralda"]
[Date "2023.11.20"]
[Round "3.3"]
[White "Vergara Canchila, Dalila Maria"]
[Black "Beltran, Martha Cecilia"]
[Result "0-1"]
[WhiteElo "1420"]
[BlackElo "1594"]
[PlyCount "30"]
[EventDate "2023.11.19"]
[EventType "team-swiss"]
[EventRounds "7"]
[EventCountry "COL"]
[SourceTitle "CB49_2023"]
[SourceDate "2023.12.06"]
[SourceVersion "1"]
[SourceVersionDate "2023.12.06"]
[SourceQuality "1"]
[WhiteTeam "Sucre (W)"]
[BlackTeam "Cauca (W)"]
[WhiteTeamCountry "COL"]
[BlackTeamCountry "COL"]

1. e4 g6 2. Nc3 Bg7 3. Nf3 e5 4. Bc4 d6 5. d3 Nf6 6. 0-0 0-0 7. Be3 Nc6 8. d4 Bg4 9. Qd2 Bxf3 10. gxf3 exd4 11. Bxd4 Nxd4 12. Qxd4 Nh5 13. Qe3 Be5 14. Rab1 Qh4 15. f4 Bxf4 0-1